<?xml version="1.0" encoding="UTF-8"?><?xml-stylesheet type="text/xsl" href="static/style.xsl"?><OAI-PMH xmlns="http://www.openarchives.org/OAI/2.0/" xmlns:xsi="http://www.w3.org/2001/XMLSchema-instance" xsi:schemaLocation="http://www.openarchives.org/OAI/2.0/ http://www.openarchives.org/OAI/2.0/OAI-PMH.xsd"><responseDate>2026-04-17T06:33:27Z</responseDate><request verb="GetRecord" identifier="oai:www.recercat.cat:10459.1/464909" metadataPrefix="marc">https://recercat.cat/oai/request</request><GetRecord><record><header><identifier>oai:recercat.cat:10459.1/464909</identifier><datestamp>2024-12-21T19:36:28Z</datestamp><setSpec>com_2072_3622</setSpec><setSpec>col_2072_479130</setSpec></header><metadata><record xmlns="http://www.loc.gov/MARC21/slim" xmlns:dcterms="http://purl.org/dc/terms/" xmlns:xsi="http://www.w3.org/2001/XMLSchema-instance" xmlns:doc="http://www.lyncode.com/xoai" xsi:schemaLocation="http://www.loc.gov/MARC21/slim http://www.loc.gov/standards/marcxml/schema/MARC21slim.xsd">
   <leader>00925njm 22002777a 4500</leader>
   <datafield ind2=" " ind1=" " tag="042">
      <subfield code="a">dc</subfield>
   </datafield>
   <datafield ind2=" " ind1=" " tag="720">
      <subfield code="a">Fernández-Cancelo, Pablo</subfield>
      <subfield code="e">author</subfield>
   </datafield>
   <datafield ind2=" " ind1=" " tag="260">
      <subfield code="c">2024-01-23T12:21:59Z</subfield>
   </datafield>
   <datafield ind2=" " ind1=" " tag="260">
      <subfield code="c">2024-12-04T23:05:20Z</subfield>
   </datafield>
   <datafield ind2=" " ind1=" " tag="260">
      <subfield code="c">2023-12-05</subfield>
   </datafield>
   <datafield ind2=" " ind1=" " tag="520">
      <subfield code="a">Les pomes tipus 'Golden' cultivades a la Vall de l'Ebre presenten certes minves de qualitat com, per exemple, la inhibició del canvi de color. L'estudi de la fisiologia del cultivar de poma 'Golden Reinders' en dues regions de cultiu properes geogràficament, però distanciades altitudinalment 800 m va mostrar que la interacció entre IAA, etilè i ABA es veu afectada per les condicions ambientals. Així doncs, pomes cultivades en zones de muntanya caracteritzades per baixes temperatures i major incidència de radiació solar van mostrar una inhibició en l'expressió dels gens involucrats en la producció d'IAA, així com un retard en la producció d'etilè i ABA respecte a les pomes de la vall.&#xd;
&#xd;
Tot i això, aquest retard en la producció de l'etilè en pomes de muntanya no impedeix el canvi de color. De fet, aquestes pomes experimenten una disminució més gran del contingut en clorofil·la, permetent desemmascarar la contribució dels carotenoides al color groc de la pell. Aquest canvi de color independent d'etilè podria ser conseqüència de l'acumulació d'espècies reactives d'oxigen (ROS) i la biosíntesi d'altres hormones, com els jasmonats i els brassinosteroides, afavorits per les condicions de muntanya.&#xd;
&#xd;
Els canvis fisiològics produïts en el fruit per les condicions precollita també van afectar el comportament postcollita de la poma. Així doncs, la major capacitat antioxidant de les pomes de muntanya sembla reduir la severitat de la podridura causada per P. expansum. En canvi, les condicions de muntanya afavoreixen la producció postcollita d'etilè, reduint-ne el potencial de conservació.</subfield>
   </datafield>
   <datafield ind2=" " ind1=" " tag="520">
      <subfield code="a">Las manzanas tipo ‘Golden’ cultivadas en el Valle del Ebro presentan ciertas mermas de calidad como, por ejemplo, la inhibición del cambio de color debido a las altas temperaturas. El estudio de la fisiología de manzanas ‘Golden Reinders’ en dos regiones de cultivo próximas geográficamente, pero distanciadas altitudinalmente 800 m mostró que la interacción entre ácido indol acético (IAA), etileno y ácido abscísico (ABA), que es clave en la regulación de la maduración, se ve afectada por las condiciones ambientales, observándose la inhibición en la expresión de los genes involucrados en la producción de IAA así como un retraso en la producción de etileno y ABA con respecto a las manzanas del valle.&#xd;
&#xd;
Sin embargo, este retraso en la producción de etileno en manzanas de montaña retrasa el cambio de color. De hecho, estas manzanas experimentan una mayor disminución del contenido en clorofila, permitiendo desenmascarar la contribución de los carotenoides al color amarillo de la piel. Este cambio de color independiente de etileno podría ser consecuencia de la acumulación de especies reactivas de oxígeno (ROS) y la biosíntesis de otras hormonas, como los jasmonatos y brasinoesteroides, favorecidos por las condiciones de montaña.&#xd;
&#xd;
Los cambios fisiológicos producidos en el fruto por las condiciones precosecha también afectaron el comportamiento poscosecha de la manzana. Así pues, la mayor capacidad antioxidante de las manzanas de montaña parece reducir la severidad de la podredumbre causada por P. expansum. En cambio, las condiciones de montaña favorecen la producción poscosecha de etileno, reduciendo su potencial de conservación.</subfield>
   </datafield>
   <datafield ind2=" " ind1=" " tag="520">
      <subfield code="a">"Golden" apples grown in the Ebro Valley exhibit certain quality losses, such as the inhibition of color change due to high temperatures. The study of the physiology of 'Golden Reinders' apples in two geographically close but altitudinally distant (by 800 m) cultivation regions showed that the interaction between indole-3-acetic acid (IAA), ethylene, and abscisic acid (ABA), which is crucial in regulating ripening, is affected by environmental conditions. This leads to inhibited expression of genes involved in IAA production and delayed production of ethylene and ABA compared to valley apples.&#xd;
&#xd;
However, this delay in ethylene production in mountain apples slows down the color change. In fact, these apples experience a greater decrease in chlorophyll content, revealing the contribution of carotenoids to the yellow skin color. This ethylene-independent color change might be due to the accumulation of reactive oxygen species (ROS) and the biosynthesis of other hormones like jasmonates and brassinosteroids, enhanced by mountain conditions.&#xd;
&#xd;
The physiological changes in the fruit due to pre-harvest conditions also affected the post-harvest behavior of the apple. Thus, the increased antioxidant capacity of mountain apples seems to reduce the severity of rot caused by P. expansum. Conversely, mountain conditions favor post-harvest ethylene production, reducing their storage potential.</subfield>
   </datafield>
   <datafield tag="653" ind2=" " ind1=" ">
      <subfield code="a">Ambient</subfield>
   </datafield>
   <datafield tag="653" ind2=" " ind1=" ">
      <subfield code="a">Maduració</subfield>
   </datafield>
   <datafield tag="653" ind2=" " ind1=" ">
      <subfield code="a">Color</subfield>
   </datafield>
   <datafield tag="653" ind2=" " ind1=" ">
      <subfield code="a">Ambiente</subfield>
   </datafield>
   <datafield tag="653" ind2=" " ind1=" ">
      <subfield code="a">Maduración</subfield>
   </datafield>
   <datafield tag="653" ind2=" " ind1=" ">
      <subfield code="a">Environment</subfield>
   </datafield>
   <datafield tag="653" ind2=" " ind1=" ">
      <subfield code="a">Ripening</subfield>
   </datafield>
   <datafield tag="653" ind2=" " ind1=" ">
      <subfield code="a">Colour</subfield>
   </datafield>
   <datafield tag="653" ind2=" " ind1=" ">
      <subfield code="a">Fisiologia Vegetal</subfield>
   </datafield>
   <datafield tag="653" ind2=" " ind1=" ">
      <subfield code="a">634</subfield>
   </datafield>
   <datafield ind2="0" ind1="0" tag="245">
      <subfield code="a">Deciphering the developmental and environmental cues influencing ripening and colour development in apples</subfield>
   </datafield>
</record></metadata></record></GetRecord></OAI-PMH>